REITs 'destroy' £24bn of value (Record no. 82698)

MARC details
000 -LEADER
fixed length control field 01019cab a22001935a 4500
001 - CONTROL NUMBER
control field L151033
008 - FIXED-LENGTH DATA ELEMENTS--GENERAL INFORMATION
fixed length control field 100924e2010 xxk 000 0 eng d
035 ## - SYSTEM CONTROL NUMBER
System control number (Sirsi) u151033
041 0# - LANGUAGE CODE
Language code of text/sound track or separate title eng
100 1# - MAIN ENTRY--PERSONAL NAME
Personal name Whitmore, James
245 00 - TITLE STATEMENT
Title REITs 'destroy' £24bn of value
260 ## - PUBLICATION, DISTRIBUTION, ETC.
Date of publication, distribution, etc. 2010
490 #0 - SERIES STATEMENT
Series statement Property Week
Volume/sequential designation 76(36) 17 September 2010, 17(1)
520 ## - SUMMARY, ETC.
Summary, etc. Research by the Bell-Mallen partnership has concluded that the five largest UK REITs collectively destroyed £24.1bn of shareholder value over the last decade, far more than their £17bn combined stock market worth. The relative performance of the UK listed property sector has been awful - UK REITs delivered between 2006 and 2009 a total return of -26.3%, lagging all other main listed markets. Covers the economic profit losses produced by the big five REITs and the returns of UK REITS 2006-2009.
590 ## - LOCAL NOTE (RLIN)
Local note KA
651 #4 - SUBJECT ADDED ENTRY--GEOGRAPHIC NAME
Geographic name United Kingdom
Chronological subdivision
690 ## - LOCAL SUBJECT ADDED ENTRY--TOPICAL TERM (OCLC, RLIN)
Topical term or geographic name as entry element PROPERTY-PROPERTY FINANCE AND INVESTMENT-REAL ESTATE INVESTMENT TRUSTS
942 ## - ADDED ENTRY ELEMENTS (KOHA)
Suppress in OPAC 0
Holdings
Withdrawn status Lost status Source of classification or shelving scheme Damaged status Not for loan Home library Current library Shelving location Date acquired Total Checkouts Full call number Barcode Date last seen Copy number Price effective from Koha item type
    Dewey Decimal Classification     London London Journals 24/09/2010   L151033 151033-1001 06/08/2019 1 06/08/2019 Journal article